Chinese medicine for health : (Record no. 1461)

MARC details
000 -LEADER
fixed length control field 01596cam a22004455i 4500
001 - CONTROL NUMBER
control field data
005 - DATE AND TIME OF LATEST TRANSACTION
control field 20260322212101.0
008 - FIXED-LENGTH DATA ELEMENTS--GENERAL INFORMATION
fixed length control field data
035 ## - SYSTEM CONTROL NUMBER
System control number 22644634
010 ## - LIBRARY OF CONGRESS CONTROL NUMBER
LC control number 2022940586
020 ## - INTERNATIONAL STANDARD BOOK NUMBER
International Standard Book Number 9789811263194
Qualifying information hardback
020 ## - INTERNATIONAL STANDARD BOOK NUMBER
International Standard Book Number 9811263191
Qualifying information hardback
020 ## - INTERNATIONAL STANDARD BOOK NUMBER
International Standard Book Number 9789811263781
020 ## - INTERNATIONAL STANDARD BOOK NUMBER
International Standard Book Number 9811263787
035 ## - SYSTEM CONTROL NUMBER
System control number (OCoLC)1348631836
040 ## - CATALOGING SOURCE
Original cataloging agency SINLB
Language of cataloging eng
Description conventions rda
Transcribing agency SINLB
Modifying agency DLC
-- YDX
-- EYE
-- DLC
042 ## - AUTHENTICATION CODE
Authentication code lccopycat
082 04 - DEWEY DECIMAL CLASSIFICATION NUMBER
Classification number 615.5
Edition information 23
097 00 -
-- R733
-- .H66 2023
100 1# - MAIN ENTRY--PERSONAL NAME
Personal name Hong, Hai,
Dates associated with a name 1943-
Relator term author.
245 10 - TITLE STATEMENT
Title Chinese medicine for health :
Remainder of title holistic healing, inner harmony and herbal recipes /
Statement of responsibility, etc. Hong Hai, Karen Wee, Soh Shan Bin.
264 #1 - PRODUCTION, PUBLICATION, DISTRIBUTION, MANUFACTURE, AND COPYRIGHT NOTICE
Place of production, publication, distribution, manufacture Singapore :
Name of producer, publisher, distributor, manufacturer World Scientific Publishing Company Pte Ltd,
Date of production, publication, distribution, manufacture, or copyright notice [2023]
264 #4 - PRODUCTION, PUBLICATION, DISTRIBUTION, MANUFACTURE, AND COPYRIGHT NOTICE
Date of production, publication, distribution, manufacture, or copyright notice ©2023
300 ## - PHYSICAL DESCRIPTION
Extent xviii, 267 pages :
Other physical details illustrations ;
Dimensions 24 cm
336 ## - CONTENT TYPE
Content type term text
Content type code txt
Source rdacontent
337 ## - MEDIA TYPE
Media type term unmediated
Media type code n
Source rdamedia
338 ## - CARRIER TYPE
Carrier type term volume
Carrier type code nc
Source rdacarrier
504 ## - BIBLIOGRAPHY, ETC. NOTE
Bibliography, etc. note Includes bibliographies and index.
650 #0 - SUBJECT ADDED ENTRY--TOPICAL TERM
Topical term or geographic name entry element Holistic medicine.
650 #0 - SUBJECT ADDED ENTRY--TOPICAL TERM
Topical term or geographic name entry element Medicine, Chinese.
650 #0 - SUBJECT ADDED ENTRY--TOPICAL TERM
Topical term or geographic name entry element Alternative medicine.
650 #7 - SUBJECT ADDED ENTRY--TOPICAL TERM
Topical term or geographic name entry element Alternative medicine.
Source of heading or term fast
Authority record control number or standard number (OCoLC)fst00806153
650 #7 - SUBJECT ADDED ENTRY--TOPICAL TERM
Topical term or geographic name entry element Holistic medicine.
Source of heading or term fast
Authority record control number or standard number (OCoLC)fst00958777
650 #7 - SUBJECT ADDED ENTRY--TOPICAL TERM
Topical term or geographic name entry element Medicine, Chinese.
Source of heading or term fast
Authority record control number or standard number (OCoLC)fst01015214
700 1# - ADDED ENTRY--PERSONAL NAME
Personal name Wee, Karen,
Relator term author.
700 1# - ADDED ENTRY--PERSONAL NAME
Personal name Soh, Shan Bin,
Relator term author.
906 ## - LOCAL DATA ELEMENT F, LDF (RLIN)
a 0
b ibc
c copycat
d 2
e ncip
f 20
g y-gencatlg
925 0# -
-- acquire
-- 1 shelf copy
-- policy default
Holdings
Withdrawn status Lost status Damaged status Not for loan Home library Current library Shelving location Date acquired Total checkouts Full call number Barcode Date last seen Price effective from Koha item type
        Riverside Riverside General stacks 22/03/2026   615.5 LOC-RPL-00008 22/03/2026 22/03/2026 Books